000
00308nam a2200145Ia 4500
100
_a
Nathani/ Firoz
942
_c
BK
654
_a
computer
245
_a
Vijay mukhis Last word on C++
260
_b
Vision Books
_c
1994
082
_a
005.133'C++'
_b
MU
300
_a
484
546
_a
ENGLISH
999
_c
30306
_d
30306